Statistics for Five Biggest Cities by Ending Letter

Click here to take the quiz!

General Stats

  • This quiz has been taken 99 times
  • The average score is 14 of 34

Answer Stats

HintAnswer% Correct
22,100,000Mexico City
85%
21,100,000Beijing
76%
28,100,000Jakarta
75%
17,600,000Los Angeles
75%
23,300,000Manila
75%
11,200,000Paris
72%
14,300,000Istanbul
63%
6,250,000Madrid
63%
24,400,000Seoul
63%
15,800,000Buenos Aires
58%
22,000,000New York City
56%
17,100,000Lagos
54%
17,800,000Osaka
54%
13,400,000Johannesburg
53%
17,600,000Dhaka
49%
16,000,000Kolkata
47%
4,900,000Sydney
47%
6,850,000Baghdad
40%
6,550,000Dallas
36%
7,250,000Hong Kong
36%
7,000,000Kuala Lumpur
33%
8,250,000Ho Chi Minh City
32%
9,000,000Hyderabad
32%
7,450,000Ahmedabad
29%
3,725,000Kabul
25%
4,100,000Montreal
22%
7,050,000Chongqing
19%
4,650,000Monterrey
14%
7,650,000Shenyang
11%
3,950,000Faisalabad
8%
3,650,000Salvador
8%
3,525,000Denver
7%
3,525,000Jaipur
7%
3,000,000Guayaquil
4%

Score Distribution

Percentile by Number Answered

Percent of People with Each Score

Your Score History

You have not taken this quiz